The Librarian's guide to intellectual property in the digital age /

Bibliographic Details
Main Author: Wherry, Timothy Lee
Format: Book
Published: Chicago, London: American Library Association, 2002.
Subjects:
LEADER 00740cam a2200193 7i4500
001 0000050590
005 20151104090000.0
005 ##20151104164800.0
003 ##MY-KlINT
020 # # |a 083890825X (RM52.00)  
039 # 9 |y 201511041648  |z VLOAD 
090 0 0 |a 346.7304  
100 1 # |a Wherry, Timothy Lee 
245 0 0 |a The Librarian's guide to intellectual property in the digital age /   |c pattents, copyright and trademarks /   |c pattents, copyright and trademarks /   |c Timothy Lee Wherry. 
260 # # |a Chicago, London:   |b American Library Association,   |c 2002. 
300 # # |a viii,170:   |b ill;   |c 23cm. 
500 # # |a Includes bibliographical reference and index 
650 # 0 |a Intellectual property --   |z United States  
650 # 0 |a Internet searching --   |z United States